<?xml version="1.0" encoding="UTF-8"?>
<record
    xmlns:xsi="http://www.w3.org/2001/XMLSchema-instance"
    xsi:schemaLocation="http://www.loc.gov/MARC21/slim http://www.loc.gov/standards/marcxml/schema/MARC21slim.xsd"
    xmlns="http://www.loc.gov/MARC21/slim">

  <leader>00463nmm a22001697a 4500</leader>
  <controlfield tag="005">20160215145650.0</controlfield>
  <controlfield tag="008">150727b        xxu||||| |||| 00| 0 spa d</controlfield>
  <datafield tag="041" ind1=" " ind2=" ">
    <subfield code="a">Espa&#xF1;ol</subfield>
  </datafield>
  <datafield tag="082" ind1=" " ind2=" ">
    <subfield code="a">MD </subfield>
    <subfield code="b">12</subfield>
  </datafield>
  <datafield tag="100" ind1=" " ind2=" ">
    <subfield code="a">Ilama Mejia, Juli&#xE1;n</subfield>
    <subfield code="9">4274</subfield>
  </datafield>
  <datafield tag="245" ind1=" " ind2=" ">
    <subfield code="a">Informe de Pr&#xE1;ctica Supervisada realizado en Laboratorio Dental Ebnezer</subfield>
  </datafield>
  <datafield tag="260" ind1=" " ind2=" ">
    <subfield code="c">2012</subfield>
  </datafield>
  <datafield tag="650" ind1=" " ind2=" ">
    <subfield code="a">COSTA RICA</subfield>
    <subfield code="9">2</subfield>
  </datafield>
  <datafield tag="650" ind1=" " ind2=" ">
    <subfield code="a">MECANICA DENTAL</subfield>
    <subfield code="9">4275</subfield>
  </datafield>
  <datafield tag="650" ind1=" " ind2=" ">
    <subfield code="a">PROTESIS PARCIAL</subfield>
    <subfield code="9">3678</subfield>
  </datafield>
  <datafield tag="942" ind1=" " ind2=" ">
    <subfield code="c">IP</subfield>
  </datafield>
  <datafield tag="999" ind1=" " ind2=" ">
    <subfield code="c">6600</subfield>
    <subfield code="d">6600</subfield>
  </datafield>
  <datafield tag="952" ind1=" " ind2=" ">
    <subfield code="0">0</subfield>
    <subfield code="1">0</subfield>
    <subfield code="4">0</subfield>
    <subfield code="7">0</subfield>
    <subfield code="g">62720.00</subfield>
    <subfield code="l">0</subfield>
    <subfield code="o">MD  12</subfield>
    <subfield code="p">MD12</subfield>
    <subfield code="r">2016-02-15 00:00:00</subfield>
    <subfield code="w">2016-02-15</subfield>
    <subfield code="y">IP</subfield>
  </datafield>
</record>
